000 00310nam a2200133Ia 4500
100 _aParton/ V.Z./ Morozov/ E.M.
942 _cBK
654 _amechanics
245 _aElastic-plastic tracture mechanics
260 _bMir Publishers
_aMoscow
_c1978
082 _a620.112
300 _a427
546 _aENGLISH
999 _c29121
_d29121